<?xml version="1.0" encoding="UTF-8"?><?xml-stylesheet type="text/xsl" href="static/style.xsl"?><OAI-PMH xmlns="http://www.openarchives.org/OAI/2.0/" xmlns:xsi="http://www.w3.org/2001/XMLSchema-instance" xsi:schemaLocation="http://www.openarchives.org/OAI/2.0/ http://www.openarchives.org/OAI/2.0/OAI-PMH.xsd"><responseDate>2026-04-17T01:39:39Z</responseDate><request verb="GetRecord" identifier="oai:www.recercat.cat:2072/422683" metadataPrefix="marc">https://recercat.cat/oai/request</request><GetRecord><record><header><identifier>oai:recercat.cat:2072/422683</identifier><datestamp>2025-03-21T20:59:25Z</datestamp><setSpec>com_2072_98</setSpec><setSpec>col_2072_378196</setSpec></header><metadata><record xmlns="http://www.loc.gov/MARC21/slim" xmlns:dcterms="http://purl.org/dc/terms/" xmlns:xsi="http://www.w3.org/2001/XMLSchema-instance" xmlns:doc="http://www.lyncode.com/xoai" xsi:schemaLocation="http://www.loc.gov/MARC21/slim http://www.loc.gov/standards/marcxml/schema/MARC21slim.xsd">
   <leader>00925njm 22002777a 4500</leader>
   <datafield ind2=" " ind1=" " tag="042">
      <subfield code="a">dc</subfield>
   </datafield>
   <datafield ind2=" " ind1=" " tag="720">
      <subfield code="a">Rojas Valenzuela, Tomás Eugenio</subfield>
      <subfield code="e">author</subfield>
   </datafield>
   <datafield ind2=" " ind1=" " tag="720">
      <subfield code="a">Universitat Autònoma de Barcelona. Facultat de Filosofia i Lletres</subfield>
      <subfield code="e">author</subfield>
   </datafield>
   <datafield ind2=" " ind1=" " tag="260">
      <subfield code="c">2019</subfield>
   </datafield>
   <datafield ind2=" " ind1=" " tag="520">
      <subfield code="a">La presente investigación pretende analizar la evolución y la situación actual de la convivencia en el espacio público en relación a las comunidades de origen migrante y su vinculación con la planificación del territorio, las normativas de ordenamiento y los controles establecidos por parte de las autoridades y los cuerpos policiales en los barrios La Florida y Les Planes de L'Hospitalet de Llobregat. Para ello, se propone abordar las dinámicas sociales que se generan en el espacio público en uno de los distritos con mayor densidad en Europa. A partir de estos elementos, además de la respectiva discusión teórica, se analizará junto con algunos miembros de la comunidad determinados espacios que pudieran representar procesos de integración, significación, apropiación del territorio, pero también de los conflictos que pueden suceder ahí: controles, disputas y experiencias que reconfiguren la percepción de los espacios públicos.</subfield>
   </datafield>
   <datafield ind2=" " ind1=" " tag="520">
      <subfield code="a">La present investigació pretén analitzar l'evolució i la situació actual de la convivència a l'espai públic en relació a les comunitats d'origen migrant i la seva vinculació amb la planificació del territori, les normatives d'ordenament i els controls establerts per part de les autoritats i els cossos policials als barris de La Florida i Les Planes de L'Hospitalet de Llobregat. Amb aquesta finalitat, es proposa abordar les dinàmiques socials que es generen a l'espai públic en un dels districtes amb major densitat d'Europa. A partir d'aquests elements, a més de la respectiva discussió teòrica, s'analitzarà juntament amb alguns membres de la comunitat determinats espais que puguin representar processos d'integració, significació, apropiació del territori, però també dels conflictes que puguin succeir-hi: controls, disputes i experiències que reconfiguren la percepció dels espais públics.</subfield>
   </datafield>
   <datafield tag="653" ind2=" " ind1=" ">
      <subfield code="a">Espais públics -- Hospitalet de Llobregat -- Aspectes socials</subfield>
   </datafield>
   <datafield tag="653" ind2=" " ind1=" ">
      <subfield code="a">Convivència -- Hospitalet de Llobregat -- Aspectes socials</subfield>
   </datafield>
   <datafield tag="653" ind2=" " ind1=" ">
      <subfield code="a">Immigrants -- Hospitalet de Llobregat</subfield>
   </datafield>
   <datafield tag="653" ind2=" " ind1=" ">
      <subfield code="a">Seguretat ciutadana -- Hospitalet de Llobregat</subfield>
   </datafield>
   <datafield tag="653" ind2=" " ind1=" ">
      <subfield code="a">Hospitalet de Llobregat -- Emigració i immigració</subfield>
   </datafield>
   <datafield ind2="0" ind1="0" tag="245">
      <subfield code="a">Disputas en el espacio público : nociones de seguridad, resistencias y convivencias en los territorios de las comunidades migrantes en los barrios de La Florida y Les Planes (L'Hospitalet de Llobregat)</subfield>
   </datafield>
</record></metadata></record></GetRecord></OAI-PMH>